Physics (Record no. 81898)
[ view plain ]
| 000 -LEADER | |
|---|---|
| fixed length control field | 00700nam a2200181 a 4500 |
| 008 - FIXED-LENGTH DATA ELEMENTS--GENERAL INFORMATION | |
| fixed length control field | 120416s1991 ||||||||||||||||| || u |
| 020 ## - INTERNATIONAL STANDARD BOOK NUMBER | |
| International Standard Book Number | 0136667694 |
| 050 ## - LIBRARY OF CONGRESS CALL NUMBER | |
| Classification number | QC 21.2 Gia |
| 100 ## - MAIN ENTRY--PERSONAL NAME | |
| Personal name | Giancoli, Douglas C |
| 245 10 - TITLE STATEMENT | |
| Title | Physics |
| 246 ## - | |
| -- | principles with applications |
| 250 ## - EDITION STATEMENT | |
| Edition statement | 3rd ed. |
| 260 ## - PUBLICATION, DISTRIBUTION, ETC. | |
| Place of publication, distribution, etc. | London |
| Name of publisher, distributor, etc. | FT Prentice-Hall |
| Date of publication, distribution, etc. | 1991 |
| 300 ## - PHYSICAL DESCRIPTION | |
| Extent | xxi, 962p. : ill |
| 350 ## - | |
| -- | 0.00 |
| 995 ## - | |
| -- | SHORT LOAN BOOKS |
| -- | 0.00 |
| -- | 724844 |
| -- | CBU-MAIN LIBRARY (Kitwe) |
| -- | 1 |
| -- | 0.00 |
| -- | QC 21.2 GIA |
| -- | 2 |
| -- | AVAILABLE |
| -- | Dec 7, 2007 |
| -- | 013216 |
| -- | Short Loan Collection |
| 995 ## - | |
| -- | BINDERY (DAMAGED) |
| -- | 0.00 |
| -- | 724845 |
| -- | CBU-MAIN LIBRARY (Kitwe) |
| -- | 1 |
| -- | 21.95 |
| -- | QC 21.2 Gia |
| -- | 1 |
| -- | DAMAGED |
| -- | 018741 |
| -- | Main Library Open Access Collection |
| 999 ## - | |
| -- | 81898 |
| -- | 81898 |
| Withdrawn status | Lost status | Source of classification or shelving scheme | Damaged status | Not for loan | Permanent Location | Current Location | Shelving location | Date acquired | Total Checkouts | Full call number | Barcode | Date last seen | Copy number | Price effective from | Koha item type |
|---|---|---|---|---|---|---|---|---|---|---|---|---|---|---|---|
| CBU-MAIN LIBRARY, KITWE. | CBU-MAIN LIBRARY, KITWE. | 09/12/2023 | QC 21.2 Gia | 013216 | 09/12/2023 | 1 | 09/12/2023 | SHORT LOAN COLLECTION | |||||||
| CBU-MAIN LIBRARY, KITWE. | CBU-MAIN LIBRARY, KITWE. | 09/12/2023 | QC 21.2 Gia | 018741 | 09/12/2023 | 2 | 09/12/2023 | MONOGRAPH |